Normal view
MARC view
Entry Personal Name
001 - CONTROL NUMBER
- control field: 44649
003 - CONTROL NUMBER IDENTIFIER
- control field: ARRUPE
005 - DATE AND TIME OF LATEST TRANSACTION
- control field: 20190214095844.0
008 - FIXED-LENGTH DATA ELEMENTS
- fixed length control field: 190214|| aca||aabn | a|a d
040 ## - CATALOGING SOURCE
- Original cataloging agency: ARRUPE
- Transcribing agency: ARRUPE
100 ## - HEADING--PERSONAL NAME
- Personal name: Mombe, Paterne-Auxence
670 ## - SOURCE DATA FOUND
- Source citation: Work cat.: (ARRUPE): Mombe, Paterne-Auxence, Rayons d'espoir , 2005